01459nam a22002177i 4500003000900000008004100009020002200050040007100072082001900143110009700162245009400259260011100353300003000464500004200494505063200536650001301168650001301181650001701194650001401211650001601225AR-CdUCM241108b20242024 pe||||| |||| 00| 0 spa d a978-612-47551-3-2 aMUNICIPALIDAD PROVINCIAL DEL CUSCOcBIBLIOTECA MUNICIPAL DEL CUSCO a985 / C45bC45 aCentro Regional para la Salvaguardia del Patrimonio Cultural Inmaterial de América Latina  aAymara : bConocimientos , saberes, prácticas y rituales agropecuarios y alimentarios / aLima : bCentro Regional para la Salvaguardia del Patrimonio Cultural Inmaterial de América Latinac2024 a319 páginas. : c21 cm  zBibliografía: páginas 310 - 317  aSalvaguardia del patrimonio cultural inmaterial de las comunidades Aymara de Bolivia, Chile y Perú, un proyecto integral para un patrimonio compartido -- Conocimientos, saberes, prácticas y rituales agropecuarios y alimentarios, nuestro tercer componente -- Tunka Layrani y Ch´isiwaymama. Los conocimientos tradicionales de las variedades de cultivo de papa y quinua-Bolivia -- Conocimientos, saberes, prácticas, y rituales agropecuarios y alimentarios de los aymaras del norte chileno: Patrimonio cultural de los pueblos originarios del sur andino-Chile -- Lumasanakaxasuma Qamañataki, señales para el buen vivir  aCulturas aRituales aAgropecuario aComunidad aCostumbres